Las 10 provincias más septentrionales de España - Estadísticas

Estadísticas generales
  • Esta prueba ha sido intentada 32 veces
  • La puntuación promedio es 9 de 10
Estadísticas de respuestas
Latitud Provincia % Correcto
43°40'00" N Asturias
100%
43°23'43" N Guipúzcoa
100%
43°47′29″ N La Coruña
100%
43°30'49" N Cantabria
97%
43°45'42" N Lugo
97%
43°27'25" N Vizcaya
97%
43°18'53" N Navarra
93%
43°14'17" N León
80%
43°13'02" N Álava
77%
43°11'55" N Burgos
77%
No se encontraron pruebas coincidentes
Distribución de puntuación
Porcentaje de gente con cada puntuación
Porcentaje por número respondido
Historial de tus puntuaciones
No has intentado esta prueba.